| 000 | 01647cam a2200229 4500 | ||
|---|---|---|---|
| 001 | WB3747-25 | ||
| 008 | 011212n2001 000 0 eng u | ||
| 035 | _a(Sirsi) u115974 | ||
| 245 | _aTown and country planning | ||
| 260 | _c2001 | ||
| 490 |
_aEstates Gazette _v[2001] 49 EG 117 CS (8/12/01) |
||
| 520 | _a"R (on the application of Barker) v Bromley LBC", CA 23 November 2001. Local planning authority (A) granted outline planning permission for a development, approving reserved matters without an environmental assessment. Local resident (B) brought proceedings for judicial review of A's actions. B's claim was dismissed but she was allowed to appeal on the ground that A was required by EC Directive 85/57/EEC Article 8 to consider the need for an environmental assessment at the time it considered the reserved matters. B's claim that the Town and Country Planning (Assessment of Environmental Effects) Regulations 1988 failed to implement the directive properly was rejected. Appeal dismissed. Copy of full judgment available at: http://porch.ccta.gov.uk/courtser/judgements.nsf/Search/FEEC8D4C834F924B80256B12003A6B9C?OpenDocument. | ||
| 590 | _aWB | ||
| 650 | _aR V BROMLEY LBC AND ANOTHER EX P BARKER | ||
| 650 | _aTOWN AND COUNTRY PLANNING | ||
| 650 | _aENVIRONMENTAL ASSESSMENT | ||
| 650 | _aTOWN AND COUNTRY PLANNING (ASSESSMENT OF ENVIRONMENTAL EFFECTS) REGULATIONS 1988 | ||
| 650 | _aDIRECTIVE 85/57/EEC | ||
| 690 | _aENVIRONMENTAL AND LAND CONSULTANCY-PLANNING AND DEVELOPMENT | ||
| 856 | _uhttps://porch.ccta.gov.uk/courtser/judgements.nsf/Search/FEEC8D4C834F924B80256B12003A6B9C?OpenDocument | ||
| 942 | _n0 | ||
| 999 |
_c69092 _d69092 |
||